[Event "Keres mem"]
[Site "Rakvere"]
[Date "1993.??.??"]
[Round "4"]
[White "Ehlvest, Jaan"]
[Black "Yermolinsky, Alex"]
[Result "1/2-1/2"]
[WhiteElo "2620"]
[BlackElo "2605"]

1.d4 Nf6 2.Nf3 g6 3.c4 Bg7 4.Nc3 d5 5.cxd5 Nxd5 6.e4 Nxc3 7.bxc3 c5 8.Rb1 O-O
9.Be2 Nc6 10.d5 Ne5 11.Nxe5 Bxe5 12.Qd2 b6 13.O-O e6 14.Bc4 Bg7 15.Qc2 Qf6
16.Bd2 exd5 17.Bxd5 Rb8 18.Qa4 a6 19.c4 b5 20.Qa3 Be6 21.Qxa6 Bxd5 22.Qxf6 Bxf6
23.cxd5 Rfe8 24.Rfe1 Bd4 25.a3 f5 26.exf5 gxf5 27.Rxe8+ Rxe8 28.Kf1 Rb8 29.Ke2 Kf7
30.Kd3 Kf6 31.f4 Ke7 32.a4 b4 33.a5 Kd6 34.Kc4 b3 35.Rxb3 Rxb3 36.Kxb3 Kxd5
37.a6 Kc6 38.Kc4 Kb6 39.Bc3 Be3 40.g4 fxg4 41.Be5 Kxa6 42.f5 Kb6 43.Kd5 h5
44.f6 h4 45.f7 Bh6 46.Bd6 c4 47.Kxc4 Kc6 48.Bf4  1/2-1/2

[Event "Keres mem"]
[Site "Rakvere"]
[Date "1993.??.??"]
[Round "10"]
[White "Yermolinsky, Alex"]
[Black "Ehlvest, Jaan"]
[Result "0-1"]
[WhiteElo "2605"]
[BlackElo "2620"]

1.e4 c5 2.Nf3 d6 3.d4 cxd4 4.Nxd4 Nf6 5.Nc3 a6 6.Be2 e6 7.f4 Be7 8.O-O O-O
9.Kh1 Qc7 10.a4 Nc6 11.Be3 Re8 12.Bd3 Nb4 13.Qe1 Bd7 14.a5 Nxd3 15.cxd3 Bc6
16.Qg3 Bf8 17.f5 e5 18.Nc2 d5 19.Bg5 Nh5 20.Qg4 dxe4 21.Qxh5 exd3 22.Ne3 f6
23.Bh4 Rad8 24.Rfd1 Kh8 25.Bf2 Qc8 26.Rac1 e4 27.Ncd5 Qb8 28.Nb6 Bd6 29.Qg4 Bf4
30.Bg3 Bxe3 31.Bxb8 Bxc1 32.Rxc1 e3 33.Nc4 d2 34.Rg1 Re4 35.Qe2 Rxc4 36.Ba7 Rc1  0-1

[Event "St Martin op"]
[Site "St Martin"]
[Date "1993.??.??"]
[Round "2"]
[White "Burger, Karl"]
[Black "Ehlvest, Jaan"]
[Result "0-1"]
[WhiteElo "2330"]
[BlackElo "2625"]

1.d4 e6 2.c4 b6 3.Nc3 Bb4 4.e4 Bb7 5.Bd3 f5 6.Qh5+ g6 7.Qe2 Nf6 8.f3 Nc6
9.Be3 fxe4 10.fxe4 e5 11.d5 Nd4 12.Qd1 Nxe4 13.Bxe4 Qh4+ 14.Kf1 Bxc3 15.bxc3 Qxe4
16.Bxd4 exd4 17.Qxd4 O-O+ 18.Nf3 Rae8 19.Kf2 Qe2+ 20.Kg3 Re4 21.Rhe1 Rxd4
22.Rxe2 Rxc4 23.Re7 Bxd5 24.Rxd7 Bxf3 25.gxf3 Rxc3 26.Rf1 Rf7 27.Rd8+ Kg7
28.Rf2 a5  0-1

[Event "St Martin op"]
[Site "St Martin"]
[Date "1993.??.??"]
[Round "4"]
[White "Waitzkin, Joshua"]
[Black "Ehlvest, Jaan"]
[Result "1/2-1/2"]
[WhiteElo "2345"]
[BlackElo "2625"]

1.e4 d6 2.d4 Nf6 3.Nd2 g6 4.Ngf3 Bg7 5.Be2 O-O 6.O-O Nc6 7.c3 e5 8.dxe5 Nxe5
9.Nxe5 dxe5 10.Qc2 Qe7 11.b4 b6 12.a4 Nh5 13.Bxh5 gxh5 14.b5 Qe6 15.Re1 Kh8
16.Nf1 f5 17.Ba3 Rf7 18.exf5 Qxf5 19.Qxf5 Bxf5 20.Ng3 Bg6 21.c4 Rf4 22.Bb2 Rxc4
23.Bxe5 a6 24.Rac1 axb5 25.axb5 Rxc1 26.Bxg7+ Kxg7 27.Rxc1 Ra5 28.Rxc7+ Kf6
29.Rc6+ Ke7 30.f4 h4 31.Ne2 Rxb5 32.Nc3 Rc5 33.Rxc5 bxc5 34.Kf2 Kd6 35.Kf3 Bf5
36.Ke3 Kc6 37.Kd2 Bg6  1/2-1/2

[Event "St Martin op"]
[Site "St Martin"]
[Date "1993.??.??"]
[Round "5"]
[White "Ehlvest, Jaan"]
[Black "Werner, Dimo"]
[Result "1-0"]
[WhiteElo "2625"]
[BlackElo "2375"]

1.d4 Nf6 2.Nf3 g6 3.g3 Bg7 4.Bg2 O-O 5.c4 d6 6.Nc3 Nc6 7.O-O e5 8.d5 Ne7
9.c5 Ne8 10.cxd6 cxd6 11.a4 h6 12.Nd2 f5 13.Nc4 g5 14.b3 Ng6 15.Ba3 Rf7 16.Rc1 Bf8
17.Qd2 h5 18.Nb5 h4 19.Qa5 b6 20.Qd2 Ba6 21.Ncxd6 Nxd6 22.Bxd6 Bxb5 23.Bxf8 hxg3
24.Bh6 gxh2+ 25.Kh1 Bd7 26.Bxg5 Qe8 27.d6 e4 28.Rc7 Qe6 29.f3 Qxb3 30.fxe4 fxe4
31.Rxf7 Qxf7 32.Rxd7  1-0

[Event "St Martin op"]
[Site "St Martin"]
[Date "1993.??.??"]
[Round "8"]
[White "Fedorowicz, John P"]
[Black "Ehlvest, Jaan"]
[Result "1/2-1/2"]
[WhiteElo "2535"]
[BlackElo "2625"]

1.d4 d5 2.c4 dxc4 3.e3 Nf6 4.Bxc4 e6 5.Nf3 a6 6.O-O c5 7.dxc5 Bxc5 8.Qxd8+ Kxd8
9.b3 Ke7 10.Bb2 Nbd7 11.Nbd2 b6 12.Rac1 Bb7 13.Be2 Rhc8 14.Nc4 b5 15.Nce5 Nxe5
16.Nxe5 Bd6 17.a4 Bd5 18.axb5 axb5 19.Bxb5 Bxb3 20.Rxc8 Rxc8 21.Nc6+ Kf8
22.Rc1  1/2-1/2

[Event "St Martin op"]
[Site "St Martin"]
[Date "1993.??.??"]
[Round "9"]
[White "Ehlvest, Jaan"]
[Black "Gurevich, Ilya"]
[Result "1-0"]
[WhiteElo "2625"]
[BlackElo "2515"]

1.e4 c5 2.Nf3 d6 3.d4 cxd4 4.Nxd4 Nf6 5.Nc3 a6 6.Be2 e5 7.Nb3 Be7 8.O-O O-O
9.Kh1 Nc6 10.f4 exf4 11.Bxf4 Be6 12.Qe1 Ne8 13.Nd5 Bg5 14.Bg3 Ne5 15.Rd1 Bxd5
16.Rxd5 Nf6 17.Rd1 Qc7 18.Rf5 Bh6 19.Rxf6 gxf6 20.Nd4 Rfe8 21.Nf5 Bf8 22.c3 Qc6
23.Rd4 b5 24.Bd1 Re6 25.Bb3 Nc4 26.Bh4 Rae8 27.Bxc4 bxc4 28.h3 Qc5 29.Qg3+ Kh8
30.Qg4 Qc7 31.Bg3 Rd8 32.Kh2 Qb7 33.Rxc4 Rde8 34.Rb4 Qa8 35.Bh4 d5 36.Rd4 Qb8+
37.Bg3 Qxb2 38.exd5 Re2 39.Bh4 Qb8+ 40.d6 R2e6 41.Bg3 Qb6 42.Qh5 Qc5 43.Rh4 h6
44.d7 Rd8 45.Qg4 Kh7 46.Qf4 Kg6 47.Rxh6+  1-0

[Event "Linares op"]
[Site "Linares"]
[Date "1994.??.??"]
[Round "1"]
[White "Schreiber, Edwin"]
[Black "Ehlvest, Jaan"]
[Result "0-1"]
[WhiteElo "2025"]
[BlackElo "2610"]

1.e4 c5 2.Nf3 e6 3.d4 cxd4 4.Nxd4 Nf6 5.Nc3 d6 6.g4 h6 7.g5 hxg5 8.Bxg5 Nc6
9.f4 Qb6 10.Nb3 Qe3+ 11.Qe2 Ng4 12.Nd1 Qxe2+ 13.Bxe2 Nxh2 14.f5 Ne5 15.Bb5+ Bd7
16.Bxd7+ Kxd7 17.fxe6+ fxe6 18.Ke2 Be7 19.Bf4 Nhf3 20.Ne3 Bf6 21.Raf1 Rxh1
22.Rxh1 Ng5 23.Nd2 Ngf7 24.Ndc4 Rc8 25.Nxe5+ Nxe5 26.c3 Ke7 27.Bg3 a6 28.a4 Nf7
29.Kd3 Rc5 30.Be1 Rg5 31.Nc4 Rg2 32.b4 b5 33.axb5 axb5 34.Nd2 Ne5+ 35.Kc2 Nf3
36.Kd3 Nxe1+ 37.Rxe1 Rg3+  0-1

[Event "Linares op"]
[Site "Linares"]
[Date "1994.??.??"]
[Round "2"]
[White "Ehlvest, Jaan"]
[Black "Kovacevic, Slobodan"]
[Result "1/2-1/2"]
[WhiteElo "2610"]
[BlackElo "2400"]

1.d4 Nf6 2.Nf3 e6 3.c4 c5 4.d5 exd5 5.cxd5 d6 6.Nc3 g6 7.e4 a6 8.a4 Bg4 9.Be2 Bxf3
10.Bxf3 Nbd7 11.O-O Bg7 12.Bf4 Qe7 13.Re1 O-O 14.a5 Rab8 15.Qc2 b5 16.axb6 Rxb6
17.Na4 Rb4 18.Bd2 Rb7 19.Nc3 Rfb8 20.Reb1 Rb6 21.Be2 Ra8 22.Ra4 Ne8 23.Rba1 Nc7
24.Be3 Rab8 25.R1a2 Nf6 26.Qd2 Nb5 27.f3 Nxc3 28.bxc3 Rb1+ 29.Bf1 Nd7 30.Rxa6 Ne5
31.Ra8 Qb7 32.Rxb8+ Qxb8 33.Qe2 h5 34.Rc2 Qb3 35.Rc1 Rxc1 36.Bxc1 Qxc3 37.Bf4 Qd4+
38.Kh1 Qa1 39.h3 Bf6 40.Bh2 g5 41.f4 gxf4 42.Bxf4 h4 43.Qa6 Qe1 44.Qe2 Qb1
45.g4 hxg3 46.Bxg3 Kf8 47.Kg2 Ke7 48.h4 Qc1 49.Qa6 Qc2+ 50.Qe2 Qc1 51.Qa6 Qb2+
52.Kh3 Qb4 53.Qa7+ Kf8 54.Bg2 c4 55.Qc7 c3 56.Bxe5 Bxe5 57.Qd8+ Kg7 58.Qg5+ Kh8
59.Qh5+ Kg8 60.Qg4+ Kf8 61.Qc8+ Kg7 62.Qg4+ Kf8 63.Qc8+ Kg7  1/2-1/2

[Event "Linares op"]
[Site "Linares"]
[Date "1994.??.??"]
[Round "3"]
[White "Korneev, Oleg"]
[Black "Ehlvest, Jaan"]
[Result "1/2-1/2"]
[WhiteElo "2500"]
[BlackElo "2610"]

1.e4 c5 2.Nf3 d6 3.d4 cxd4 4.Nxd4 Nf6 5.Nc3 a6 6.Be3 e5 7.Nf3 Be7 8.Bc4 O-O
9.Bg5 Nbd7 10.O-O b5 11.Bb3 Bb7 12.Re1 Rc8 13.Re2 b4 14.Nd5 Nxd5 15.Bxd5 Bxd5
16.Bxe7 Qxe7 17.Qxd5 Nf6 18.Qd3 a5 19.Nd2 Qe6 20.Nf1 d5 21.exd5 Nxd5 22.Qb5 Ra8
23.Rd1 Nf4 24.Red2 Rfe8 25.b3 Qg6 26.Qb7 h5 27.Ne3 h4 28.Qf3 Rac8 29.Nc4 Rc5
30.h3  1/2-1/2

[Event "Linares op"]
[Site "Linares"]
[Date "1994.??.??"]
[Round "6"]
[White "Ehlvest, Jaan"]
[Black "Markzon, Gregory"]
[Result "1-0"]
[WhiteElo "2610"]
[BlackElo "2290"]

1.d4 Nf6 2.c4 g6 3.Nc3 Bg7 4.e4 d6 5.f3 O-O 6.Be3 e5 7.Nge2 c6 8.Qd2 a6 9.dxe5 dxe5
10.Qxd8 Rxd8 11.Na4 Nfd7 12.Rd1 Re8 13.c5 a5 14.Nc1 Na6 15.a3 Nc7 16.Nb3 Nb5
17.Bc4 Ra7 18.Bxb5 cxb5 19.c6 bxc6 20.Bxa7 bxa4 21.Nxa5  1-0

[Event "Linares op"]
[Site "Linares"]
[Date "1994.??.??"]
[Round "8"]
[White "Ehlvest, Jaan"]
[Black "Frois, Antonio"]
[Result "1/2-1/2"]
[WhiteElo "2610"]
[BlackElo "2385"]

1.e4 c5 2.Nf3 Nc6 3.Bb5 g6 4.O-O Bg7 5.c3 a6 6.Bxc6 dxc6 7.h3 Nf6 8.Re1 O-O
9.d4 cxd4 10.cxd4 c5 11.d5 e6 12.Nc3 exd5 13.exd5 b5 14.Be3 Qd6 15.Qd2 b4
16.Na4 Qxd5 17.Bxc5 Qxd2 18.Nxd2 Rd8 19.Bxb4 Bd7 20.Nb6 Ra7 21.Rad1 Be6 22.Ndc4 Rxd1
23.Rxd1 h6 24.Rd8+ Kh7 25.Bf8 Bxf8 26.Rxf8 Nd7 27.Nxd7 Bxc4 28.Nc5 Bxa2 29.b3 Rc7
30.Nxa6 Rc1+ 31.Kh2 Bxb3 32.Nb4  1/2-1/2

[Event "EUCup Gr3"]
[Site "Lubniewice"]
[Date "1994.??.??"]
[Round "1"]
[White "Meduna, Eduard"]
[Black "Ehlvest, Jaan"]
[Result "1/2-1/2"]
[WhiteElo "2485"]
[BlackElo "2600"]

1.d4 Nf6 2.Nf3 d6 3.Nbd2 g6 4.e4 Bg7 5.Bd3 O-O 6.O-O Nc6 7.c3 e5 8.dxe5 Nxe5
9.Nxe5 dxe5 10.Nc4 Nh5 11.g3 Qe7 12.b3 Rd8 13.Qc2 Nf6 14.Ba3 Qe8 15.Rad1 Bh6
16.Be2 Bh3 17.Rxd8 Rxd8 18.Rd1 Rxd1+ 19.Bxd1 b5 20.Na5 Qd7 21.Bf3 a6 22.c4 Qd2
23.Qxd2 Bxd2 24.Nc6 bxc4 25.bxc4 Be6 26.Ne7+ Kg7 27.Nd5 c6 28.Nxf6 Kxf6 29.Be2 Bc3
30.Bc5 Bd4 31.Bb4 c5 32.Ba5 Bh3 33.Bf1 Bg4 34.Kg2 Bd1 35.Bd3 Ke6 36.Kf1 Bf3
37.Bc2 h5 38.h4 f6 39.Ke1 Ke7 40.Bd2 Kf7 41.Bb1 Ke6 42.Bd3 Kd6 43.Ba5 Kd7
44.Bd2 Bb2 45.Ba5 Ke7 46.Bc2 Bd4  1/2-1/2

[Event "PCA/Intel-GP"]
[Site "Moscow"]
[Date "1994.??.??"]
[Round "1"]
[White "Short, Nigel D"]
[Black "Ehlvest, Jaan"]
[Result "1-0"]
[WhiteElo "2655"]
[BlackElo "2610"]

1.e4 c5 2.Nf3 d6 3.d4 cxd4 4.Nxd4 Nf6 5.Nc3 a6 6.Bc4 e6 7.Bb3 b5 8.O-O Be7
9.Qf3 Qc7 10.Re1 O-O 11.a3 Nc6 12.Nxc6 Qxc6 13.Qg3 Nh5 14.Qh3 Nf6 15.Bg5 Bb7
16.Re3 Rfe8 17.Rae1 Kh8 18.Qh4 Ng8 19.Rg3 Qc5 20.Ree3 h6 21.Bxe7 Nxe7 22.Qf4 Rf8
23.Rh3 Ng6 24.Rxh6+ gxh6 25.Qxh6+ Kg8 26.Bxe6 Qe5 27.Qxg6+ Qg7 28.Qh5 fxe6
29.Rg3 Rf7 30.Qh6 Qxg3 31.hxg3 Re8 32.f3 Ree7 33.g4 Bc6 34.Ne2 Rh7 35.Qd2 d5
36.e5 Be8 37.c3 Rhf7 38.Nf4 Rg7 39.Kf2 a5 40.Qe3 a4 41.Qb6 Kf7 42.Nh5 Rg5
43.Qe3  1-0

[Event "Moscow ol (Men)"]
[Site "Moscow"]
[Date "1994.??.??"]
[Round "3"]
[White "Ehlvest, Jaan"]
[Black "Kurajica, Bojan"]
[Result "1/2-1/2"]
[WhiteElo "2600"]
[BlackElo "2565"]

1.d4 Nf6 2.c4 e6 3.Nf3 Bb4+ 4.Nbd2 b6 5.a3 Bxd2+ 6.Bxd2 h6 7.e3 Bb7 8.Bd3 d6
9.b4 Nbd7 10.Bc3 O-O 11.O-O Re8 12.Nd2 e5 13.Bf5 Qe7 14.Rc1 Rad8 15.d5 c6
16.dxc6 Bxc6 17.Bb2 Nf8 18.Qe2 a5 19.Rfd1 axb4 20.axb4 Ne6 21.f3 Nc7 22.Nb1 Ba4
23.Re1 d5 24.b5 Qb4 25.Qd2 Qxd2 26.Nxd2 g6 27.Bb1 Nd7 28.cxd5 Nxd5 29.Ne4 N7f6
30.Nxf6+ Nxf6 31.f4 Nd7 32.Bd3 Nc5 33.Bc4 Nd3 34.Bxd3 Rxd3 35.Bxe5 Bxb5 36.Rb1 Rd5
37.Rec1 Bd3 38.Rxb6 Ra5 39.Rd1 Be4 40.Rd2 Ra4 41.Kf2 Bf5 42.h3 Rc4 43.g4 Be4
44.Kg3 Rc2 45.Rxc2 Bxc2 46.h4 Kf8 47.h5 gxh5 48.gxh5 Re6 49.Rb8+ Ke7 50.Rb7+ Kf8
51.Bd4 f6 52.Kf2 Be4 53.Rb8+ Kf7  1/2-1/2

[Event "Moscow ol (Men)"]
[Site "Moscow"]
[Date "1994.??.??"]
[Round "5"]
[White "Ehlvest, Jaan"]
[Black "Kakageldyev, Amanmurad"]
[Result "1-0"]
[WhiteElo "2600"]
[BlackElo "2450"]

1.d4 d5 2.c4 c6 3.Nf3 Nf6 4.Nc3 dxc4 5.a4 Bf5 6.Ne5 e6 7.g3 Bb4 8.Bg2 Be4
9.f3 Bg6 10.e4 O-O 11.O-O c5 12.Na2 Na6 13.Nxb4 Nxb4 14.dxc5 Qc7 15.Qd6 Rfc8
16.Qxc7 Rxc7 17.Bf4 Rxc5 18.Nxg6 hxg6 19.Bd6 Rac8 20.Bxc5 Rxc5 21.Rfd1 Nc6
22.Rac1 a6 23.Bf1 b5 24.Rc3 g5 25.h3 Kf8 26.b3 Ke7 27.axb5 axb5 28.Ra1 Nd7
29.bxc4 b4 30.Rcc1 Nd4 31.Rcb1 Nxf3+ 32.Kg2 Nd4 33.Ra7 b3 34.e5 Rxe5 35.Rd1 b2
36.Rb7 Rc5 37.Rxd4  1-0

[Event "Moscow ol (Men)"]
[Site "Moscow"]
[Date "1994.??.??"]
[Round "6"]
[White "Ehlvest, Jaan"]
[Black "Lutz, Christopher"]
[Result "1-0"]
[WhiteElo "2600"]
[BlackElo "2580"]

1.e4 c5 2.Nf3 d6 3.d4 cxd4 4.Nxd4 Nf6 5.Nc3 Nc6 6.Bc4 e6 7.Be3 a6 8.Bb3 Na5
9.f4 Nxb3 10.axb3 e5 11.Nf3 exf4 12.Bxf4 Be7 13.Qd4 O-O 14.O-O-O b5 15.Bxd6 Qxd6
16.Qxd6 Bxd6 17.Rxd6 Bb7 18.Rb6 Rab8 19.Rd1 Rfe8 20.Rd4 Re6 21.Rxe6 fxe6
22.b4 Re8 23.Ne5 Kf8 24.Kd2 Ke7 25.Ke3 Rc8 26.Rd2 Rc7 27.h4 Ne8 28.g4 Nd6
29.g5 Nc4+ 30.Nxc4 Rxc4 31.Rd4 Rc8 32.e5 Rf8 33.Rf4 Rc8 34.h5 Bc6 35.Rh4 Be8
36.Kd2 Rd8+ 37.Kc1 Rc8 38.Ne2 Bc6 39.Kd2 Rd8+ 40.Nd4 Rd5 41.Kd3 Be8 42.Ke4 Rd8
43.c3 Rc8 44.Ke3 Bf7 45.Rh1 Ra8 46.h6 gxh6 47.Rxh6 Rg8 48.Kf4 Bg6 49.Rh1 Rf8+
50.Ke3 Ra8 51.Ra1 Be8 52.Rh1 Bg6 53.Rd1 Bh5 54.Nc6+ Kf7 55.Rd8  1-0

[Event "Moscow ol (Men)"]
[Site "Moscow"]
[Date "1994.??.??"]
[Round "11"]
[White "Ehlvest, Jaan"]
[Black "Ionescu, Constantin"]
[Result "1/2-1/2"]
[WhiteElo "2600"]
[BlackElo "2465"]

1.d4 Nf6 2.Nf3 e6 3.c4 c5 4.d5 d6 5.Nc3 exd5 6.cxd5 g6 7.Nd2 Bg7 8.Nc4 O-O
9.Bg5 Na6 10.e3 Nc7 11.a4 b6 12.Be2 Ba6 13.O-O Qd7 14.e4 Bxc4 15.Bxc4 a6
16.Qf3 Ng4 17.Be2 f5 18.exf5 gxf5 19.Qg3 Ne5 20.Bh5 Ne8 21.f4 Ng4 22.Rae1 Ngf6
23.Be2 Nc7 24.Bd3 b5 25.axb5 axb5 26.Qh3 Nfxd5 27.Bxb5 Nxb5 28.Nxd5 Qf7 29.Qb3 Nd4
30.Qc4 Nc6 31.b3 Na5 32.Ne7+ Kh8 33.Qxf7 Rxf7 34.Rf3 Rb8 35.Rd3 Bd4+ 36.Rxd4 cxd4
37.Re6 Kg7 38.Bh6+ Kh8 39.Bg5 Kg7 40.Bh6+ Kh8 41.Bg5  1/2-1/2

[Event "Moscow ol (Men)"]
[Site "Moscow"]
[Date "1994.??.??"]
[Round "12"]
[White "Georgiev, Kiril"]
[Black "Ehlvest, Jaan"]
[Result "1/2-1/2"]
[WhiteElo "2615"]
[BlackElo "2600"]

1.d4 Nf6 2.c4 e6 3.g3 Bb4+ 4.Bd2 Be7 5.Bg2 d5 6.Nf3 O-O 7.O-O c6 8.Qc2 Nbd7
9.b3 b6 10.Bc3 Bb7 11.Nbd2 c5 12.Rfd1 Rc8 13.Qb2 Rc7 14.dxc5 Nxc5 15.cxd5 Bxd5
16.Nf1 Qc8 17.Rac1 Qa6 18.Be5 Rd7 19.Ne3 Ba8 20.Rd4 Rxd4 21.Bxd4 Rd8 22.Rc4 h6
23.Ne5 Bxg2 24.Kxg2 Qb7+ 25.f3 Ne8 26.Rc2 Bf8 27.N3c4 Nf6 28.Rd2 Rc8 29.b4 Na4
30.Qb3 b5 31.Na5 Qa8 32.a3 a6 33.Rc2 Nd5 34.Rc6 Rxc6 35.Nexc6 Ne7 36.Ne5 Qc8
37.Qd3 Nf5 38.Bf2 Nd6 39.Bd4 Nf5  1/2-1/2

[Event "Moscow ol (Men)"]
[Site "Moscow"]
[Date "1994.??.??"]
[Round "14"]
[White "Ehlvest, Jaan"]
[Black "Sturua, Zurab"]
[Result "1-0"]
[WhiteElo "2600"]
[BlackElo "2535"]

1.d4 Nf6 2.c4 e6 3.Nf3 b6 4.Nc3 Bb7 5.a3 d5 6.Qc2 Be7 7.cxd5 exd5 8.g3 O-O
9.Bg2 c5 10.O-O Nbd7 11.Rd1 Rc8 12.Qf5 Re8 13.Bf4 Bf8 14.Rac1 g6 15.Qh3 a6
16.dxc5 bxc5 17.Ne1 Qb6 18.Nxd5 Bxd5 19.Bxd5 Nxd5 20.Rxd5 Nf6 21.Rd2 Ne4
22.Rdc2 c4 23.Be3 Qb5 24.Bd4 c3 25.bxc3 Bxa3 26.Qh6 Bf8 27.Qf4 Bc5 28.Nd3 Bd6
29.Qf3 Ng5 30.Qf6  1-0

[Event "New York Murphy-ACF"]
[Site "New York"]
[Date "1994.??.??"]
[Round "1"]
[White "Umezinwa, George"]
[Black "Ehlvest, Jaan"]
[Result "1/2-1/2"]
[WhiteElo "2300"]
[BlackElo "2610"]

1.d4 Nf6 2.c4 e6 3.Nf3 b6 4.g3 Ba6 5.b3 b5 6.cxb5 Bxb5 7.Bg2 Bb4+ 8.Bd2 a5
9.Nc3 Bc6 10.O-O O-O 11.Qc2 h6 12.a3 Bxc3 13.Bxc3 Be4 14.Qd1 Nd5 15.Bb2 Qc8
16.Nd2 Bxg2 17.Kxg2 f5 18.e3 Qb7 19.Kg1 Nc6 20.Rc1 Qa6 21.Re1 Rab8 22.Qc2 Rb5
23.Qd3 Qb7 24.Rc4 Rb8 25.Rec1 Qc8 26.Rc5 R5b6 27.Rxd5 exd5 28.Qxf5 Ne7 29.Qe5 Re6
30.Qxc7 Qxc7 31.Rxc7 a4 32.Bc3 axb3 33.Bb4 Rc6 34.Rxc6 Nxc6 35.Nxb3 Nxb4
36.axb4 Rxb4 37.Nc5 d6 38.Nd3 Rb1+ 39.Kg2 g5 40.h3 Kf7 41.h4 Rb3 42.Nc1 Rc3
43.Ne2 Rc2 44.Kf1 gxh4 45.gxh4 Ke6 46.Ng3 Rc8 47.Kg2 Rg8 48.Kf3 Kd7 49.Nh5 Kc6
50.Ng3 Rf8+ 51.Kg2 Kb5 52.Nh5 Kc4 53.Nf4 Rxf4 54.exf4 Kxd4 55.f3 Kc5 56.Kf2 d4
57.Ke2 Kd5 58.h5 Ke6 59.Kd3 Kf5 60.Kxd4 Kxf4 61.Kd5 Kxf3  1/2-1/2

[Event "New York op"]
[Site "New York"]
[Date "1994.??.??"]
[Round "1"]
[White "Fayvinov, Zakhar"]
[Black "Ehlvest, Jaan"]
[Result "0-1"]
[WhiteElo "2260"]
[BlackElo "2610"]

1.d4 Nf6 2.c4 c5 3.d5 d6 4.Nc3 g6 5.g3 Bg7 6.Bg2 O-O 7.Nf3 Na6 8.O-O Nc7
9.Bg5 h6 10.Bd2 b5 11.cxb5 Rb8 12.Qb3 a6 13.b6 Na8 14.Na4 Qe8 15.Ne1 Bd7
16.Nc3 Nc7 17.Qd1 Rxb6 18.Qc1 Kh7 19.Nc2 a5 20.b3 a4 21.bxa4 Qa8 22.Ne3 Rfb8
23.Nc4 Rb4 24.Nb5 Qxa4 25.Nbxd6 exd6 26.Bxb4 cxb4 27.Nxd6 Nfxd5 28.Nxf7 Rf8
29.Qd1 Bxa1 30.Bxd5 Qxd1  0-1

[Event "New York op"]
[Site "New York"]
[Date "1994.??.??"]
[Round "2"]
[White "Ehlvest, Jaan"]
[Black "Arnett, David A"]
[Result "1-0"]
[WhiteElo "2610"]
[BlackElo "2350"]

1.d4 d5 2.c4 c6 3.Nf3 Nf6 4.Nc3 dxc4 5.a4 Bf5 6.e3 e6 7.Bxc4 Bb4 8.O-O O-O
9.Qe2 Bg6 10.Ne5 Nbd7 11.Nxg6 hxg6 12.Rd1 Nb6 13.Bb3 Nbd5 14.Na2 Ba5 15.e4 Ne7
16.Nc3 Qc7 17.Qf3 Qb6 18.Ba2 Rad8 19.Ne2 Rd7 20.Bg5 Qxb2 21.Bxf6 gxf6 22.Bb3 f5
23.e5 Bc3 24.Rab1 Qxb1 25.Rxb1 Bxd4 26.Rd1 Rfd8 27.Nxd4 Rxd4 28.Rxd4 Rxd4
29.g3 Nd5 30.Bxd5 Rxd5 31.Qc3 Kg7 32.h4 Kg8 33.Kg2 Kg7 34.Kh3  1-0

[Event "New York Murphy-ACF"]
[Site "New York"]
[Date "1994.??.??"]
[Round "2"]
[White "Levitt, Jonathan"]
[Black "Ehlvest, Jaan"]
[Result "1/2-1/2"]
[WhiteElo "2445"]
[BlackElo "2610"]

1.d4 e6 2.c4 b6 3.e4 Bb7 4.Qc2 Bb4+ 5.Nd2 Qh4 6.Bd3 Qg4 7.Kf1 f5 8.f3 Qh4
9.exf5 Qxd4 10.Ne2 Qh4 11.fxe6 Nf6 12.Ng3 O-O 13.Nde4 Bxe4 14.Bxe4 Nc6 15.exd7 Nh5
16.Bd5+  1/2-1/2

[Event "PCA-op"]
[Site "New York"]
[Date "1994.??.??"]
[Round "4"]
[White "Minasian, Artashes"]
[Black "Ehlvest, Jaan"]
[Result "0-1"]
[WhiteElo "2525"]
[BlackElo "2600"]

1.b3 d5 2.Bb2 Bg4 3.g3 c6 4.Bg2 Nd7 5.Nf3 Ngf6 6.O-O e6 7.d3 Bc5 8.Nbd2 O-O
9.e4 a5 10.a4 Qe7 11.Qe2 Bh5 12.Rfe1 h6 13.Nf1 dxe4 14.dxe4 Ng4 15.Nd4 Qg5
16.f4 Qg6 17.Bf3 e5 18.f5 exd4 19.Kg2 Qg5 20.h4 Qf6 21.Bxg4 Bxg4 22.Qxg4 Bb4
23.Re2 c5 24.Nd2 Bxd2 25.Rxd2 Rae8 26.Re1 Qc6 27.Qf4 Re7 28.Kh3 Rfe8 29.Rde2 Re5
30.Kg4 Nf6+ 31.Kf3 h5 32.Bc1 Ng4 33.Qg5 g6 34.Kf4 Nh2 35.g4 Nxg4 36.Bd2 d3
37.cxd3 Qd6 38.Kf3 Qxd3+ 39.Kg2 Rxf5 40.exf5 Rxe2+  0-1

[Event "New York op"]
[Site "New York"]
[Date "1994.??.??"]
[Round "5"]
[White "Frias, Victor J"]
[Black "Ehlvest, Jaan"]
[Result "1/2-1/2"]
[WhiteElo "2455"]
[BlackElo "2610"]

1.d4 Nf6 2.Nf3 g6 3.g3 Bg7 4.Bg2 O-O 5.O-O d6 6.c4 c6 7.Nc3 Bf5 8.Bg5 Na6
9.Qd2 Re8 10.Rfd1 Ne4 11.Nxe4 Bxe4 12.Bh6 Bh8 13.Qf4 Bxf3 14.Bxf3 Nc7 15.Qd2 e6
16.Rac1 Rb8 17.b3 a6 18.e4 Qe7 19.d5 exd5 20.exd5 c5 21.Kg2 Bg7 22.Be3 Qd7
23.b4 b6 24.Rb1 cxb4 25.Qxb4 Na8 26.c5 dxc5 27.Bxc5 a5 28.Qb3 Rbc8 29.Bd4 Bxd4
30.Rxd4 Qd6 31.Rc4 Rc5 32.Rxc5 Qxc5 33.Qb5 Qxb5 34.Rxb5 Nc7 35.Rxb6 Rd8 36.d6 Ne6
37.Bd5 Nd4 38.Ra6 Nf5 39.Rxa5 Rxd6 40.a4 Ne7 41.Bb7 Rd2 42.Re5 Kf8 43.a5 Ra2
44.a6 Ke8 45.g4 Kf8 46.Kf3 Ng8 47.Re2 Ra5 48.Ke4 Nf6+ 49.Kd4 Ne8 50.Re5 Ra4+
51.Kc5 Nc7 52.Kb6 Nxa6 53.Bxa6 Rxg4 54.f3 Rb4+ 55.Kc5 Rb2 56.Be2 Rd2 57.Kc4 Kg7
58.Kc3 Rd7 59.Bd3 Rc7+ 60.Kd2 Rd7 61.Ke3 Ra7 62.h4 h5 63.f4 Ra1 64.Re7 Rh1
65.Rb7 Rxh4 66.Bc2 Kf8 67.Bb3 f5 68.Bf7 Kg7 69.Be6+ Kf6 70.Bd5 g5 71.Rb6+ Kg7
72.fxg5 Rg4 73.Bf3 Rxg5 74.Kf4 Rg1 75.Bxh5 Rc1 76.Rg6+ Kh7 77.Rd6 Kg7 78.Kg5 Rg1+
79.Kxf5 Ra1  1/2-1/2

[Event "New York Murphy-ACF"]
[Site "New York"]
[Date "1994.??.??"]
[Round "5"]
[White "Ehlvest, Jaan"]
[Black "Rogers, Norman"]
[Result "1-0"]
[WhiteElo "2610"]
[BlackElo "2290"]

1.d4 Nf6 2.Nf3 g6 3.c4 Bg7 4.Nc3 O-O 5.e4 d6 6.Be2 Nbd7 7.Be3 c6 8.O-O e5
9.d5 c5 10.a3 Ne8 11.b4 b6 12.Bg5 Bf6 13.Bd2 Be7 14.Bh6 Ng7 15.Qd2 Nf6 16.bxc5 bxc5
17.Ne1 Ng4 18.Bxg4 Bxg4 19.f4 exf4 20.Qxf4 Bd7 21.Nf3 Qa5 22.Ne2 f6 23.Qc1 Rfe8
24.Ng3 Rab8 25.Nd2 Rb6 26.Ra2 Reb8 27.h3 Ne8 28.Kh2 Bf8 29.Bxf8 Kxf8 30.Ne2 Kg7
31.Nf4 R6b7 32.Nd3 Qd8 33.Qc3 Qe7 34.Raa1 Kg8 35.Rae1 Qg7 36.Rf3 Bc8 37.Ref1 Re7
38.g4 Qh6 39.Rg3 g5 40.Kg2 Qg6 41.Rgf3 Kg7 42.Kg1 Rbb7 43.Nf2 Rf7 44.Re1 h5
45.Nf1 Kg8 46.gxh5 Qxh5 47.Ng3 Qh4 48.Kg2 Bxh3+ 49.Nxh3 g4 50.Rf2 Qxh3+ 51.Kg1 Rh7
52.Rg2 Kf8 53.Rf1 Qh6 54.Rgf2 Kf7 55.e5 dxe5 56.Qxe5 Re7 57.Qxe7+ Kxe7 58.Nf5+ Kd7
59.Nxh6 Rxh6 60.Rf4 Rh3 61.Rxg4 Rxa3 62.Rb1 Ra4 63.Rb7+  1-0

[Event "PCA-op"]
[Site "New York"]
[Date "1994.??.??"]
[Round "6"]
[White "Yermolinsky, Alex"]
[Black "Ehlvest, Jaan"]
[Result "1/2-1/2"]
[WhiteElo "2590"]
[BlackElo "2600"]

1.d4 d5 2.Nf3 Nf6 3.c4 dxc4 4.e3 e6 5.Bxc4 c5 6.O-O a6 7.Bb3 cxd4 8.exd4 Nc6
9.Nc3 Na5 10.Bc2 Be7 11.Bg5 O-O 12.Qe2 Nc6 13.Rad1 Nb4 14.Bb3 Nbd5 15.Rfe1 h6
16.Nxd5 Nxd5 17.Bxe7 Nxe7 18.Ne5 Bd7 19.Qg4 Be8 20.Re3 Nc6 21.Rg3 Qf6 22.Qh5 Kh8
23.Rf3 Qe7 24.Re3  1/2-1/2

[Event "New York op"]
[Site "New York"]
[Date "1994.??.??"]
[Round "7"]
[White "Lobron, Eric"]
[Black "Ehlvest, Jaan"]
[Result "0-1"]
[WhiteElo "2570"]
[BlackElo "2610"]

1.c4 Nf6 2.Nc3 e5 3.Nf3 Nc6 4.g3 Bb4 5.Nd5 Bc5 6.Bg2 d6 7.O-O O-O 8.d3 Nxd5
9.cxd5 Nd4 10.Nxd4 Bxd4 11.e3 Bb6 12.Bd2 a5 13.Bc3 f5 14.d4 e4 15.a4 Bd7
16.b4 axb4 17.Bxb4 Ba5 18.Qb3 Qb8 19.Rfb1 b6 20.Bf1 Be8 21.Bb5 Bh5 22.Rc1 Rf7
23.Bxa5 Rxa5 24.Rc3 h6 25.Rac1 Kh7 26.Qc2 Ra7 27.h4 Re7 28.Ra3 Bf7 29.Bc6 Ra5
30.Rc3 Ra7 31.Rb1 Bh5 32.Bb5 Qg8 33.Bc4 Bf3 34.Rb5 g5 35.hxg5 Qxg5 36.Bf1 h5
37.Bg2 h4 38.Bxf3 exf3 39.Kf1 hxg3 40.fxg3 Qxg3 41.Rb2 Qh3+ 42.Ke1  0-1

[Event "World op"]
[Site "Philadelphia"]
[Date "1994.??.??"]
[Round "?"]
[White "Browne, Walter S"]
[Black "Ehlvest, Jaan"]
[Result "1/2-1/2"]
[WhiteElo "2510"]
[BlackElo "2610"]

1.d4 d5 2.c4 c6 3.Nf3 Nf6 4.Nc3 dxc4 5.a4 Bf5 6.e3 e6 7.Bxc4 Bb4 8.O-O Nbd7
9.Qe2 O-O 10.e4 Bg6 11.e5 Nd5 12.Nxd5 cxd5 13.Bd3 h6 14.Bxg6 fxg6 15.Qb5 Qe7
16.Bd2 Bxd2 17.Nxd2 Nb8 18.Nb3 Nc6 19.Rac1 Rf4 20.Rfd1 Raf8 21.Rd2 R8f7 22.a5 a6
23.Qb6 Qg5 24.g3 Rf3 25.Rc3 Kh7 26.Qc5 h5 27.h4 Qg4 28.Rxf3 Rxf3 29.Qc2 Rxb3
30.Qxb3 Nxd4 31.Rxd4 Qxd4 32.Qxb7 Qd1+ 33.Kg2 d4 34.Qxa6 d3 35.Qd6 Qe2 36.a6 Qe4+
37.Kh2 Qe2 38.Kg2 Qe4+ 39.Kh2 Qe2 40.Qd4 d2 41.a7 d1=Q 42.Qxd1 Qxf2+ 43.Kh3 Qxa7
44.Qe1 Qd4 45.b4 Qd7 46.Kg2 g5 47.hxg5 Kg6 48.Kf2 Kf5 49.Qe3 Qa4 50.Qd2 h4  1/2-1/2

[Event "World op"]
[Site "Philadelphia"]
[Date "1994.??.??"]
[Round "?"]
[White "Ehlvest, Jaan"]
[Black "Adelman, Charles D"]
[Result "1-0"]
[WhiteElo "2610"]
[BlackElo "2220"]

1.d4 Nf6 2.Nf3 c5 3.d5 e6 4.Nc3 exd5 5.Nxd5 Nxd5 6.Qxd5 Nc6 7.e4 Be7 8.Bc4 O-O
9.Bf4 b5 10.Be2 Qb6 11.O-O d6 12.Qd2 Bb7 13.a4 a6 14.Rfd1 Rad8 15.Qe3 bxa4
16.c3 Ne5 17.Bxe5 dxe5 18.Nxe5 Rxd1+ 19.Rxd1 Qxb2 20.Bc4 a3 21.Nxf7 g5 22.Nxg5+ Kh8
23.Nf7+ Rxf7 24.Bxf7 a2 25.Qg3 a1=Q 26.Qg8+  1-0